000 00240nam a2200109Ia 4500
008 190216s9999||||xx |||||||||||||| ||und||
100 _aThomas T Ambat
245 0 _aKarinthel
260 _bCurrent Books
650 _aMalayalam
942 _cBK
999 _c26513
_d26513